| 000 | 00532cam a2200181 4500500 | ||
|---|---|---|---|
| 005 | 20260405000654.0 | ||
| 041 | _afre | ||
| 042 | _adc | ||
| 100 | 1 | 0 |
_aDuru, Martin _eauthor |
| 245 | 0 | 0 | _aLe spectateur émancipé |
| 260 | _c2008. | ||
| 500 | _a100 | ||
| 690 | _aJacques Rancière | ||
| 690 | _aRévolte | ||
| 690 | _aVide | ||
| 786 | 0 | _nPhilosophie magazine | 25 | 12 | 2008-12-01 | p. 47-47 | 1951-1787 | |
| 856 | 4 | 1 | _uhttps://shs.cairn.info/magazine-philosophie-magazine-2008-12-page-47?lang=fr&redirect-ssocas=7080 |
| 999 |
_c2039602 _d2039602 |
||